The New Anti-Semitism: By Arnold Forster and Benjamin R. Epstein: New York, McGraw Hill, 1974. 354 pp. 7.95

Saved in:  
Bibliographic Details
Main Author: Eckardt, A. Roy 1918-1998 (Author)
Format: Electronic Review
Language:English
Check availability: HBZ Gateway
Interlibrary Loan:Interlibrary Loan for the Fachinformationsdienste (Specialized Information Services in Germany)
Published: 1975
In: Theology today
Year: 1975, Volume: 31, Issue: 4, Pages: 373-377
Further subjects:B Book review
Online Access: Volltext (lizenzpflichtig)

MARC

LEADER 00000caa a22000002c 4500
001 1784193658
003 DE-627
005 20211231020505.0
007 cr uuu---uuuuu
008 211230s1975 xx |||||oo 00| ||eng c
024 7 |a 10.1177/004057367503100422  |2 doi 
035 |a (DE-627)1784193658 
035 |a (DE-599)KXP1784193658 
040 |a DE-627  |b ger  |c DE-627  |e rda 
041 |a eng 
084 |a 1  |2 ssgn 
100 1 |e VerfasserIn  |0 (DE-588)1059176386  |0 (DE-627)798125519  |0 (DE-576)164551530  |4 aut  |a Eckardt, A. Roy  |d 1918-1998 
109 |a Eckardt, A. Roy 1918-1998  |a Eckardt, Arthur Roy 1918-1998  |a Eckardt, Arthur R. 1918-1998 
245 1 4 |a The New Anti-Semitism: By Arnold Forster and Benjamin R. Epstein: New York, McGraw Hill, 1974. 354 pp. 7.95 
264 1 |c 1975 
336 |a Text  |b txt  |2 rdacontent 
337 |a Computermedien  |b c  |2 rdamedia 
338 |a Online-Ressource  |b cr  |2 rdacarrier 
601 |a New York, NY 
601 |a Forster, E. M. 
601 |a Benjamin 
655 7 |a Rezension  |0 (DE-588)4049712-4  |0 (DE-627)106186019  |0 (DE-576)209083166  |2 gnd-content 
773 0 8 |i Enthalten in  |t Theology today  |d London [u.a.] : Sage Publ., 1944  |g 31(1975), 4, Seite 373-377  |h Online-Ressource  |w (DE-627)341343897  |w (DE-600)2067097-7  |w (DE-576)325341001  |x 2044-2556  |7 nnas 
773 1 8 |g volume:31  |g year:1975  |g number:4  |g pages:373-377 
856 4 0 |u https://doi.org/10.1177/004057367503100422  |x Resolving-System  |z lizenzpflichtig  |3 Volltext  |7 1 
935 |a mteo 
951 |a AR 
ELC |a 1 
ITA |a 1  |t 1 
LOK |0 000 xxxxxcx a22 zn 4500 
LOK |0 001 4027936728 
LOK |0 003 DE-627 
LOK |0 004 1784193658 
LOK |0 005 20211230043826 
LOK |0 008 211230||||||||||||||||ger||||||| 
LOK |0 035   |a (DE-Tue135)IxTheo#2021-12-20#6AC61BBCABCB08744DD5275DDD5496A9223F5DA8 
LOK |0 040   |a DE-Tue135  |c DE-627  |d DE-Tue135 
LOK |0 092   |o n 
LOK |0 852   |a DE-Tue135 
LOK |0 852 1  |9 00 
LOK |0 935   |a ixzs  |a ixrk  |a zota 
LOK |0 939   |a 30-12-21  |b l01 
ORI |a SA-MARC-ixtheoa001.raw